[Event "USCL Week 5"]
[Site "Internet Chess Club"]
[Date "2015.09.22"]
[Round "?"]
[White "Nakada, Akira"]
[Black "Fonseca, Miguel"]
[Result "1-0"]
[WhiteElo "2035"]
[BlackElo "2067"]
[PlyCount "73"]
[EventDate "2015.??.??"]

1. d4 Nc6 2. Nf3 d6 3. c4 g6 4. Nc3 Bg7 5. e4 Bg4 6. Be3 e5 7. d5 Nd4 8. Be2
Nxe2 9. Qxe2 Nf6 10. h3 Bd7 11. O-O O-O 12. Rfd1 Nh5 13. Rac1 Nf4 14. Bxf4 exf4
15. b4 Re8 16. Nd2 a5 17. a3 Qg5 18. Qf3 axb4 19. axb4 Ra3 20. c5 Qf6 21. e5
Qxe5 22. Nc4 Qxc3 23. Rxc3 Rxc3 24. Qxf4 g5 25. Qxg5 Rxc4 26. Rd3 h6 27. Qd2
dxc5 28. bxc5 Rxc5 29. Rg3 Kh8 30. Rxg7 Kxg7 31. Qd4+ Kg8 32. Qxc5 c6 33. Qd6
Re1+ 34. Kh2 Be8 35. Qg3+ Kf8 36. d6 Rd1 37. Qe5 1-0

[Event "USCL Week 5"]
[Site "Internet Chess Club"]
[Date "2015.09.22"]
[Round "?"]
[White "Feng, Roland"]
[Black "Breckenridge, Steven"]
[Result "1/2-1/2"]
[WhiteElo "2365"]
[BlackElo "2414"]
[PlyCount "42"]
[EventDate "2015.??.??"]

1. d4 Nf6 2. c4 g6 3. Nc3 Bg7 4. Nf3 d6 5. Bg5 h6 6. Bh4 g5 7. Bg3 Nh5 8. e3 c5
9. d5 Nd7 10. Qc2 a6 11. a4 Qa5 12. Be2 Nb6 13. Nd2 Nxg3 14. hxg3 Bd7 15. O-O
Rb8 16. Nb3 Qb4 17. Na2 Qxa4 18. Nac1 Qb4 19. Na2 Qa4 20. Nc3 Qb4 21. Na2 Qa4
1/2-1/2

[Event "USCL Week 5"]
[Site "Internet Chess Club"]
[Date "2015.09.22"]
[Round "?"]
[White "Krush, Irina"]
[Black "Pelaez, Jorge"]
[Result "1/2-1/2"]
[WhiteElo "2551"]
[BlackElo "2233"]
[PlyCount "71"]
[EventDate "2015.??.??"]

1. d4 d5 2. c4 e6 3. Nc3 Bb4 4. a3 Bxc3+ 5. bxc3 c5 6. e3 Ne7 7. Bd3 dxc4 8.
Bxc4 Qc7 9. Be2 O-O 10. Nf3 b6 11. O-O Ba6 12. Bxa6 Nxa6 13. e4 h6 14. d5 exd5
15. exd5 Rad8 16. c4 b5 17. cxb5 Rxd5 18. Qc2 Nb8 19. Re1 Rfd8 20. Bb2 Qd7 21.
a4 Ng6 22. Qc3 f6 23. Qc4 Qf7 24. g3 Nd7 25. a5 Nde5 26. Bxe5 Nxe5 27. Nxe5
Rxe5 28. Qc3 Rxe1+ 29. Rxe1 c4 30. Rc1 Rb8 31. Qb4 Qd5 32. b6 axb6 33. axb6 Qc6
34. Rxc4 Rxb6 35. Rxc6 Rxb4 36. h4 1/2-1/2

[Event "USCL Week 5"]
[Site "Internet Chess Club"]
[Date "2015.09.22"]
[Round "?"]
[White "Colas, Joshua"]
[Black "Vigorito, David"]
[Result "1/2-1/2"]
[WhiteElo "2350"]
[BlackElo "2511"]
[PlyCount "116"]
[EventDate "2015.??.??"]

1. Nf3 Nf6 2. g3 g6 3. Bg2 Bg7 4. O-O O-O 5. c4 d6 6. Nc3 Nc6 7. d4 a6 8. d5
Na5 9. Nd2 c5 10. dxc6 Nxc6 11. Nb3 Bf5 12. c5 dxc5 13. Qxd8 Rfxd8 14. Nxc5 Nd7
15. Nxb7 Rdc8 16. Bxc6 Rxc6 17. Na5 Rxc3 18. bxc3 Bxc3 19. Nb3 Bxa1 20. Nxa1
Rb8 21. Ba3 e5 22. Nb3 Be6 23. Rd1 Bxb3 24. axb3 Rxb3 25. Rxd7 Rxa3 26. Ra7 h5
27. Kg2 Kg7 28. h4 Kf6 29. f3 Ke6 30. g4 Kf6 31. g5+ Ke6 32. Rb7 Ra4 33. Kg3 e4
34. Rb6+ Ke7 35. fxe4 Rxe4 36. Rxa6 Rxe2 37. Ra7+ Ke6 38. Ra6+ Ke7 39. Ra7+ Kf8
40. Ra8+ Kg7 41. Ra4 Re3+ 42. Kf2 Rh3 43. Kg2 Rd3 44. Rb4 Kf8 45. Re4 Rd6 46.
Kg3 Re6 47. Rb4 Re5 48. Rb8+ Ke7 49. Rb7+ Ke6 50. Rb6+ Kd5 51. Rb5+ Ke4 52. Rb7
Rf5 53. Re7+ Kd5 54. Ra7 Ke6 55. Ra6+ Kd5 56. Ra7 Ke6 57. Ra6+ Kd5 58. Ra7 Ke6
1/2-1/2

[Event "USCL Week 5"]
[Site "Internet Chess Club"]
[Date "2015.09.22"]
[Round "?"]
[White "Shi, Jason"]
[Black "Kavi, Nithin"]
[Result "1-0"]
[WhiteElo "2249"]
[BlackElo "2175"]
[PlyCount "77"]
[EventDate "2015.??.??"]

1. d4 Nf6 2. c4 g6 3. Nc3 Bg7 4. e4 d6 5. Nf3 O-O 6. Be2 e5 7. O-O Nc6 8. d5
Ne7 9. Bd2 Nh5 10. Ne1 Nf4 11. Nd3 Nxe2+ 12. Qxe2 f5 13. f3 f4 14. c5 g5 15. b4
Rf6 16. Nf2 h5 17. a4 Rg6 18. h3 Kh8 19. cxd6 cxd6 20. Rfc1 a6 21. a5 Bd7 22.
Na4 Bb5 23. Qd1 Bxa4 24. Qxa4 b5 25. axb6 Qxb6 26. Qa5 Qd4 27. Bc3 Qe3 28. b5
g4 29. Bd2 Qd4 30. Ra4 Qb2 31. Nd3 Qb3 32. Ra3 Qxa3 33. Qxa3 gxf3 34. Ne1 fxg2
35. bxa6 Bh6 36. a7 Bg5 37. Nf3 Bf6 38. Qxd6 Kh7 39. Rc7 1-0

[Event "USCL Week 5"]
[Site "Internet Chess Club"]
[Date "2015.09.22"]
[Round "?"]
[White "Yanovsky, Vlad"]
[Black "Ostrovskiy, Aleksandr"]
[Result "0-1"]
[WhiteElo "2229"]
[BlackElo "2476"]
[PlyCount "68"]
[EventDate "2015.??.??"]

1. e4 c6 2. d4 d5 3. exd5 cxd5 4. c4 Nf6 5. Nc3 g6 6. Qb3 Bg7 7. cxd5 O-O 8.
Be2 a5 9. Bf3 Na6 10. Nge2 Nb4 11. O-O Bf5 12. d6 exd6 13. Bg5 Qd7 14. Qa4 Qxa4
15. Nxa4 Ne4 16. Bf4 Nd5 17. Bxd6 Nxd6 18. Bxd5 Rfe8 19. Rfe1 Rac8 20. Nac3 b5
21. a4 b4 22. Nb5 Nxb5 23. axb5 Bd3 24. Bf3 Bxb5 25. b3 Rc2 26. Nf4 Rxe1+ 27.
Rxe1 Bxd4 28. Nh3 a4 29. bxa4 Bxa4 30. Be4 Rd2 31. g3 b3 32. Kg2 b2 33. Bb1
Bc6+ 34. Kf1 g5 0-1

[Event "USCL Week 5"]
[Site "Internet Chess Club"]
[Date "2015.09.22"]
[Round "?"]
[White "Salimbagat, Rico"]
[Black "Jones, Craig"]
[Result "1-0"]
[WhiteElo "2292"]
[BlackElo "2206"]
[PlyCount "127"]
[EventDate "2015.??.??"]

1. e4 e6 2. d4 d5 3. Nc3 Nf6 4. Bg5 Bb4 5. e5 h6 6. Bd2 Bxc3 7. Bxc3 Ne4 8. Bb4
c5 9. Bxc5 Nxc5 10. dxc5 Nc6 11. Nf3 Qc7 12. Qe2 Qa5+ 13. c3 Qxc5 14. Qb5 Qxb5
15. Bxb5 Bd7 16. Bxc6 bxc6 17. b4 c5 18. Kd2 Ke7 19. Rhb1 Rhc8 20. bxc5 Rxc5
21. Rb7 Rac8 22. Rc1 Ra5 23. Rc2 f6 24. Rcb2 Rc4 25. Kd3 Ra6 26. Nd2 Rc8 27. f4
fxe5 28. fxe5 Rac6 29. R2b3 a6 30. Nf3 a5 31. Nd4 R6c7 32. Kd2 a4 33. R3b6 Rxb7
34. Rxb7 Kd8 35. a3 Ra8 36. h3 Kc8 37. Rb6 Kc7 38. Rd6 Rf8 39. Ke3 Re8 40. Kd3
Re7 41. c4 dxc4+ 42. Kxc4 g5 43. g4 Rf7 44. Nxe6+ Bxe6+ 45. Rxe6 h5 46. Rf6 Rh7
47. Ra6 Rh8 48. Rxa4 hxg4 49. hxg4 Rh1 50. Kd5 Kd7 51. Ra7+ Kd8 52. Ke6 Re1 53.
Kf5 Re3 54. Ra5 Ke7 55. Kxg5 Re1 56. a4 Ke6 57. Rb5 Ra1 58. a5 Ra4 59. Kh5 Ra1
60. Kg6 Ra4 61. g5 Ra1 62. Kg7 Rg1 63. g6 Kf5 64. Kf7 1-0

[Event "USCL Week 5"]
[Site "Internet Chess Club"]
[Date "2015.09.22"]
[Round "?"]
[White "Schroer, Jonathan"]
[Black "Panjwani, Raja"]
[Result "0-1"]
[WhiteElo "2427"]
[BlackElo "2454"]
[PlyCount "132"]
[EventDate "2015.??.??"]

1. d4 Nf6 2. c4 c5 3. d5 d6 4. Nc3 g6 5. e4 Bg7 6. h3 O-O 7. Nf3 e6 8. Bd3 Na6
9. O-O e5 10. Bg5 h6 11. Bd2 Nh7 12. Nh2 f5 13. exf5 gxf5 14. f4 e4 15. Be2
Bd4+ 16. Kh1 Nc7 17. Qc2 a6 18. a4 Rb8 19. a5 Bd7 20. Nd1 b5 21. axb6 Rxb6 22.
Bc3 Rb7 23. Ra3 Qf6 24. g4 Rfb8 25. gxf5 Bxf5 26. Bg4 h5 27. Bxf5 Qxf5 28. Qg2+
Kf7 29. Rg1 Bxg1 30. Qg7+ Ke8 31. Kxg1 Nf8 32. Qg5 Qxg5+ 33. fxg5 Kd7 34. Nf1
Re8 35. Nde3 Ng6 36. Ng3 Nf4 37. h4 Rf8 38. Ra1 Rbb8 39. Kh2 Ne2 40. Ngf5 Nxc3
41. bxc3 Rb2+ 42. Kg3 Re2 43. g6 Ne8 44. Rxa6 Rxe3+ 45. Nxe3 Rf3+ 46. Kg2 Rxe3
47. Ra7+ Kd8 48. g7 Nxg7 49. Rxg7 Rxc3 50. Rg6 Rxc4 51. Rxd6+ Ke7 52. Rh6 e3
53. Kf3 Rxh4 54. Kxe3 Kd7 55. Kf3 c4 56. Kg3 Rd4 57. Rc6 Rd3+ 58. Kh4 c3 59.
Rc4 Kd6 60. Kxh5 Rxd5+ 61. Kg4 Rc5 62. Rd4+ Ke5 63. Rd1 c2 64. Rc1 Kd4 65. Kf3
Kd3 66. Kf2 Kd2 0-1

[Event "USCL Week 5"]
[Site "Internet Chess Club"]
[Date "2015.09.22"]
[Round "?"]
[White "Ivanov, Alexander"]
[Black "Kudrin, Sergey"]
[Result "1/2-1/2"]
[WhiteElo "2628"]
[BlackElo "2586"]
[PlyCount "124"]
[EventDate "2015.??.??"]

1. e4 c5 2. Nf3 g6 3. d4 cxd4 4. Qxd4 Nf6 5. e5 Nc6 6. Qa4 Nd5 7. Qe4 Ndb4 8.
Bb5 Bg7 9. a3 Na6 10. O-O Nc5 11. Qe3 b6 12. Nc3 Bb7 13. b4 Ne6 14. Bb2 O-O 15.
Rad1 Rc8 16. Rd2 d6 17. Ne2 a5 18. Bxc6 Bxc6 19. Nfd4 Bd7 20. exd6 exd6 21.
Nxe6 Bxe6 22. Bxg7 Kxg7 23. Rfd1 d5 24. Qd4+ Qf6 25. Qxb6 axb4 26. axb4 Rb8 27.
Qd4 Qxd4 28. Rxd4 Rfc8 29. c3 Ra8 30. f3 Ra3 31. R4d2 g5 32. Rb2 Rb8 33. Rd4
Kf6 34. Kf2 Ke5 35. Rdd2 Bd7 36. Ra2 Rba8 37. Rxa3 Rxa3 38. c4 Be6 39. c5 Rb3
40. Nd4 Rc3 41. Nc6+ Kf6 42. Rb2 Bd7 43. Nd4 Ke5 44. Ne2 Rc4 45. Ke3 Bb5 46. g3
d4+ 47. Kd2 Kd5 48. Rb3 Ba4 49. Rb2 Bb5 50. h4 h6 51. hxg5 hxg5 52. Rb1 f6 53.
Rb2 Ke5 54. Rb1 Kd5 55. Rb3 Ba4 56. Rb2 Bb5 57. g4 Ke5 58. Rb1 Kd5 59. Rb2 Ke5
60. Rb1 Kd5 61. Rb2 Ke5 62. Rb1 Kd5 1/2-1/2

[Event "USCL Week 5"]
[Site "Internet Chess Club"]
[Date "2015.09.22"]
[Round "?"]
[White "Katz, Alexander"]
[Black "Harris, Ian"]
[Result "1-0"]
[WhiteElo "2464"]
[BlackElo "2346"]
[PlyCount "123"]
[EventDate "2015.??.??"]

1. Nf3 d5 2. g3 e6 3. Bg2 f5 4. b3 Nf6 5. Bb2 c5 6. O-O Nc6 7. d3 Bd6 8. Nbd2
f4 9. e4 fxe3 10. fxe3 O-O 11. Qe2 e5 12. c4 d4 13. exd4 exd4 14. Ng5 Ne5 15.
Nde4 Bg4 16. Qd2 Be7 17. Nxf6+ gxf6 18. Bd5+ Kh8 19. Ne6 Qd7 20. Nxf8 Rxf8 21.
Rae1 Bd6 22. Bc1 Bf5 23. Be4 Bh3 24. Rf4 f5 25. Bd5 Ng6 26. Qf2 Re8 27. Rxe8+
Qxe8 28. Rxf5 Bxf5 29. Qxf5 Qe5 30. Qf7 Qe1+ 31. Qf1 Qxf1+ 32. Kxf1 b6 33. Be4
Ne5 34. Bf4 Kg7 35. Kg2 a5 36. a4 Bc7 37. g4 h6 38. Kg3 Bd6 39. Bf5 Bc7 40. Kh3
Bd6 41. Bg3 Bc7 42. Be4 Bd6 43. Kh4 Be7+ 44. Kh3 Bd6 45. Kg2 Bc7 46. h4 Bd6 47.
Kh3 Bc7 48. g5 Bd6 49. gxh6+ Kxh6 50. Bf4+ Kh5 51. Bf5 Nxc4 52. Bg5 Ne3 53. Be6
Kg6 54. Bd8 Nd1 55. Kg2 Kh5 56. Kf3 Kh6 57. Bxb6 Kh5 58. Bxa5 Kxh4 59. Bd8+ Kh5
60. a5 Nc3 61. Bc4 Bb8 62. Bb6 1-0

[Event "USCL Week 5"]
[Site "Internet Chess Club"]
[Date "2015.09.22"]
[Round "?"]
[White "Becerra, Julio"]
[Black "Lenderman, Alex"]
[Result "1/2-1/2"]
[WhiteElo "2616"]
[BlackElo "2728"]
[PlyCount "117"]
[EventDate "2015.??.??"]

1. e4 e6 2. d4 d5 3. Nd2 Nf6 4. e5 Nfd7 5. Bd3 c5 6. c3 Nc6 7. Ne2 cxd4 8. cxd4
f6 9. exf6 Nxf6 10. O-O Bd6 11. f4 O-O 12. Nf3 Bd7 13. a3 a5 14. b3 Qb6 15. Kh1
Ne7 16. h3 Bb5 17. Ng5 Bxd3 18. Qxd3 Bc7 19. a4 Qa6 20. Qxa6 Rxa6 21. Ba3 Re8
22. Rac1 Nc6 23. Rc2 Rb6 24. Rb1 h6 25. Nf3 Ne4 26. g3 Bd6 27. Bxd6 Nxd6 28.
Kg2 Rb4 29. Rc3 Ra8 30. Rd3 Rb6 31. Ne5 Ne4 32. Rc1 Raa6 33. Nd7 Rb4 34. Nc5
Rab6 35. Nxb7 Rxb7 36. Rxc6 Rxb3 37. Rxb3 Rxb3 38. g4 Re3 39. Ng1 Rg3+ 40. Kf1
Ra3 41. Rxe6 Ra1+ 42. Kg2 Ra2+ 43. Kf3 Rxa4 44. Ra6 Ra3+ 45. Ke2 Ra2+ 46. Ke3
Ra3+ 47. Ke2 Nc3+ 48. Kf2 Ra2+ 49. Ke3 Nd1+ 50. Kd3 Nb2+ 51. Ke2 Nc4+ 52. Kf3
a4 53. Ne2 a3 54. Ra8+ Kh7 55. f5 Nd2+ 56. Ke3 Nc4+ 57. Kf3 Nd2+ 58. Ke3 Nc4+
59. Kf3 1/2-1/2

[Event "USCL Week 5"]
[Site "Internet Chess Club"]
[Date "2015.09.22"]
[Round "?"]
[White "Mateer, Amanda"]
[Black "Bell, Eric"]
[Result "0-1"]
[WhiteElo "2127"]
[BlackElo "2050"]
[PlyCount "36"]
[EventDate "2015.??.??"]

1. d4 Nf6 2. c4 e6 3. Nf3 b6 4. g3 Ba6 5. Qc2 Bb4+ 6. Bd2 Be7 7. Bg2 O-O 8. O-O
d5 9. Ne5 Bb7 10. Nc3 Nbd7 11. Rac1 c5 12. e3 Qc8 13. Qa4 dxc4 14. Nc6 Bd6 15.
d5 exd5 16. Nxd5 Nxd5 17. Bxd5 a6 18. Nb4 b5 0-1

[Event "USCL Week 5"]
[Site "Internet Chess Club"]
[Date "2015.09.22"]
[Round "?"]
[White "Mareddy, Seetharam"]
[Black "Tiglon, Bryce"]
[Result "0-1"]
[WhiteElo "1879"]
[BlackElo "2305"]
[PlyCount "66"]
[EventDate "2015.??.??"]

1. d4 Nf6 2. Nf3 g6 3. c4 Bg7 4. Nc3 d5 5. cxd5 Nxd5 6. Bd2 Nb6 7. e3 O-O 8.
Be2 Nc6 9. O-O e5 10. dxe5 Nxe5 11. Nxe5 Bxe5 12. Qc2 Qe7 13. Bf3 c6 14. Ne2
Qh4 15. Ng3 Qc4 16. Qb1 Qb5 17. Bc3 Bxc3 18. bxc3 Qe5 19. Qb4 c5 20. Qb5 Be6
21. Rfd1 Bc4 22. Qa5 Ba6 23. Ne4 Rac8 24. Nd6 Rc7 25. a4 Rd8 26. Nb5 Rcd7 27.
Nxa7 Rxd1+ 28. Rxd1 Rxd1+ 29. Bxd1 Qd6 30. Bf3 Nc4 31. Nc8 Qd2 32. Ne7+ Kf8 33.
Nxg6+ Kg7 0-1

[Event "USCL Week 5"]
[Site "Internet Chess Club"]
[Date "2015.09.22"]
[Round "?"]
[White "Flores, Mauricio"]
[Black "Sevillano, Enrico"]
[Result "1/2-1/2"]
[WhiteElo "2565"]
[BlackElo "2526"]
[PlyCount "82"]
[EventDate "2015.??.??"]

1. d4 Nf6 2. c4 e6 3. g3 d5 4. Bg2 dxc4 5. Nf3 Nc6 6. Qa4 Bd6 7. O-O O-O 8.
Qxc4 e5 9. d5 Ne7 10. Nc3 h6 11. Rd1 a6 12. Nd2 b5 13. Qd3 Nd7 14. e4 f5 15.
exf5 Nc5 16. Qe2 Nxf5 17. Nf3 b4 18. Ne4 Nxe4 19. Qxe4 Qf6 20. Be3 Nxe3 21.
fxe3 Bd7 22. Rac1 Rf7 23. Rf1 Raf8 24. Nd4 Qe7 25. Ne6 Bxe6 26. dxe6 Qxe6 27.
Rxf7 Qxf7 28. Qd5 g5 29. Rf1 Qxd5 30. Bxd5+ Kg7 31. Rxf8 Bxf8 32. g4 Bc5 33.
Kf2 Kf6 34. Kf3 a5 35. b3 Ba7 36. Ke4 Bb6 37. h3 Ba7 38. Bc4 Bb6 39. Bd5 Ba7
40. Bc4 Bb6 41. Bd5 Ba7 1/2-1/2

[Event "USCL Week 5"]
[Site "Internet Chess Club"]
[Date "2015.09.22"]
[Round "?"]
[White "Orlov, Georgi"]
[Black "Baryshpolets, Andrey"]
[Result "0-1"]
[WhiteElo "2528"]
[BlackElo "2608"]
[PlyCount "84"]
[EventDate "2015.??.??"]

1. d4 d5 2. c4 e6 3. Nc3 Be7 4. Nf3 Nf6 5. Bg5 h6 6. Bxf6 Bxf6 7. e3 O-O 8. Rc1
c6 9. Bd3 Nd7 10. O-O dxc4 11. Bxc4 e5 12. Ne4 exd4 13. Nxf6+ Nxf6 14. Nxd4 Qe7
15. h3 Bd7 16. Qe2 c5 17. Nb5 Bc6 18. Rfd1 a6 19. Nc3 Rad8 20. a4 Qe5 21. Rxd8
Rxd8 22. Rd1 Rd6 23. Rd3 Ne4 24. Rxd6 Nxd6 25. Bd3 Qg5 26. g3 g6 27. Kh2 Qe5
28. f4 Qe8 29. e4 Bxa4 30. e5 Nf5 31. Bxf5 gxf5 32. g4 Bb5 33. Qe3 Qd7 34. Kg3
Bc6 35. Qxc5 Qd3+ 36. Kh2 Qf3 37. Qg1 Qxf4+ 38. Qg3 Qd2+ 39. Kg1 f4 40. Qf2
Qc1+ 41. Qf1 Qe3+ 42. Qf2 Qxh3 0-1

[Event "USCL Week 5"]
[Site "Internet Chess Club"]
[Date "2015.09.22"]
[Round "?"]
[White "Gorovets, Andrey"]
[Black "Cozianu, Costin"]
[Result "1-0"]
[WhiteElo "2617"]
[BlackElo "2451"]
[PlyCount "137"]
[EventDate "2015.??.??"]

1. e4 e5 2. Nf3 Nc6 3. Bb5 a6 4. Ba4 Nf6 5. Qe2 b5 6. Bb3 Bc5 7. d3 d6 8. c3
Bb6 9. O-O Be6 10. Be3 Bxe3 11. fxe3 Bxb3 12. axb3 O-O 13. Nbd2 d5 14. b4 dxe4
15. Nxe4 Nxe4 16. dxe4 Qe7 17. Rfd1 Rfd8 18. Rd5 Qe6 19. Qd3 h6 20. Rd1 Rd6 21.
Rxd6 cxd6 22. Qd5 Qxd5 23. Rxd5 Rd8 24. Kf2 Kf8 25. Ke2 Ke7 26. Rd1 Rb8 27. Ra1
Rb6 28. g4 Ke6 29. h4 g6 30. Rf1 Ne7 31. g5 h5 32. Nd2 Nc6 33. Nb3 Ke7 34. Nc1
Nd8 35. Nd3 Rc6 36. Kd2 Ne6 37. b3 Nf8 38. Ra1 Nd7 39. Ne1 Rb6 40. Kd3 Ke6 41.
Nc2 f6 42. Rg1 fxg5 43. Rxg5 Kf7 44. Rg1 Nf6 45. Ne1 Nh7 46. Nf3 Kg7 47. Nd2
Kh6 48. Nf3 Rb7 49. Ra1 Rf7 50. Ke2 g5 51. Rxa6 gxh4 52. Rxd6+ Rf6 53. Nxe5 h3
54. Rxf6+ Nxf6 55. Nf3 Nxe4 56. c4 Kg6 57. cxb5 Nc3+ 58. Kf2 Nxb5 59. Kg3 Nd6
60. Nd4 Kf6 61. b5 Ke5 62. b6 Ke4 63. Kxh3 Nb7 64. Nc2 Kd3 65. Kh4 Nd6 66. Na3
Nb7 67. Nc4 Kc3 68. e4 Kxb3 69. Nd6 1-0

[Event "USCL Week 5"]
[Site "Internet Chess Club"]
[Date "2015.09.22"]
[Round "?"]
[White "Tang, Andrew"]
[Black "Liu, Elliott"]
[Result "0-1"]
[WhiteElo "2475"]
[BlackElo "2329"]
[PlyCount "108"]
[EventDate "2015.??.??"]

1. d4 g6 2. c4 Bg7 3. Nc3 Nf6 4. e4 d6 5. f3 O-O 6. Nge2 c5 7. d5 e6 8. Ng3
exd5 9. cxd5 a6 10. a4 Nh5 11. Nxh5 gxh5 12. Bd3 f5 13. exf5 Qe8+ 14. Ne4 Bxf5
15. O-O Bd4+ 16. Kh1 Qg6 17. Bf4 Nd7 18. Qc2 h4 19. Rae1 Ne5 20. Bxe5 Bxe5 21.
b3 Kh8 22. Nf2 Rg8 23. Rg1 Bxd3 24. Nxd3 Raf8 25. Qd2 Bd4 26. Rgf1 Qf5 27. Nb4
Rg5 28. Nc2 Be5 29. Re2 b5 30. axb5 axb5 31. b4 Qf4 32. Qxf4 Bxf4 33. Rb1 c4
34. Rd1 Re5 35. Rxe5 Bxe5 36. Na3 Ra8 37. Nxb5 c3 38. Nxc3 Bxc3 39. b5 Ra5 40.
Rb1 Bb4 41. h3 Rxb5 42. g3 hxg3 43. Kg2 Kg7 44. Kxg3 Kf6 45. f4 Kf5 46. Kf3 Rb6
47. Rg1 h6 48. Rg7 Bd2 49. Rf7+ Kg6 50. Re7 Rb3+ 51. Kg4 h5+ 52. Kh4 Bc3 53.
f5+ Kxf5 54. Kxh5 Bf6 0-1

[Event "USCL Week 5"]
[Site "Internet Chess Club"]
[Date "2015.09.22"]
[Round "?"]
[White "Kamberi, Sonny"]
[Black "Nagle, Sean"]
[Result "1/2-1/2"]
[WhiteElo "2366"]
[BlackElo "2542"]
[PlyCount "147"]
[EventDate "2015.??.??"]

1. c4 g6 2. Nc3 Bg7 3. g3 c5 4. Bg2 Nc6 5. Nf3 e5 6. O-O Nge7 7. d3 d6 8. Ne1
Be6 9. Nd5 O-O 10. Rb1 Rb8 11. Nc2 b5 12. a3 bxc4 13. dxc4 Na5 14. Nce3 Nb3 15.
Bd2 Nc6 16. Bc3 Qd7 17. Qd3 f5 18. Nc2 e4 19. Qd1 Ncd4 20. e3 Nxc2 21. Qxc2
Bxd5 22. cxd5 Bxc3 23. Qxc3 Qg7 24. Rfd1 Qxc3 25. bxc3 c4 26. Bf1 Rfc8 27. Rb2
a5 28. a4 Kg7 29. Rdb1 Kf6 30. Bxc4 Rxc4 31. Rxb3 Rxb3 32. Rxb3 Rxa4 33. Rb7
Ra1+ 34. Kg2 h5 35. h4 Rc1 36. Ra7 Rxc3 37. Rxa5 Rc5 38. Ra7 Rxd5 39. Kf1 g5
40. hxg5+ Kxg5 41. Rg7+ Kf6 42. Rh7 Rd1+ 43. Kg2 Kg6 44. Rd7 d5 45. Kh2 Rd2 46.
Kg1 h4 47. gxh4 Kh5 48. Rf7 Kg4 49. h5 d4 50. exd4 Rxd4 51. h6 Rd6 52. h7 Rh6
53. Kg2 f4 54. f3+ exf3+ 55. Kf2 Rh2+ 56. Kg1 Rh6 57. Rg7+ Kf5 58. Kf2 Rh3 59.
Rf7+ Kg5 60. Rg7+ Kf6 61. Rg4 Ke5 62. Rg5+ Ke4 63. Rg7 Rh2+ 64. Kg1 Rh4 65. Kf2
Rh2+ 66. Kg1 Rh3 67. Kf2 Ke5 68. Re7+ Kf6 69. Re4 Kg5 70. Re7 Kg6 71. Re4 Kxh7
72. Rxf4 Kh8 73. Rxf3 Rxf3+ 74. Kxf3 1/2-1/2

[Event "USCL Week 5"]
[Site "Internet Chess Club"]
[Date "2015.09.23"]
[Round "?"]
[White "Corallo, Michael"]
[Black "Garcia, Erick"]
[Result "1-0"]
[WhiteElo "2359"]
[BlackElo "2329"]
[PlyCount "69"]
[EventDate "2015.??.??"]

1. e4 e6 2. d4 d5 3. e5 c5 4. c3 Nc6 5. Nf3 Bd7 6. Be2 Qb6 7. dxc5 Bxc5 8. O-O
a5 9. c4 Nge7 10. Nc3 d4 11. Na4 Qa7 12. Bd3 h6 13. Re1 O-O-O 14. Nd2 Nb4 15.
Nxc5 Qxc5 16. Ne4 Qxe5 17. c5 Kb8 18. Nd6 Qf6 19. Bf1 Bc6 20. Bd2 Nf5 21. a3
Nxd6 22. axb4 Ne4 23. Rxe4 Bxe4 24. Rxa5 Kc7 25. Qa4 Rb8 26. b5 Kd7 27. c6+
bxc6 28. bxc6+ Bxc6 29. Ra7+ Kd6 30. Qa3+ Ke5 31. Qg3+ Kd5 32. Ra5+ Bb5 33.
Bxb5 Ra8 34. Qb3+ Kd6 35. Qa3+ 1-0

[Event "USCL Week 5"]
[Site "Internet Chess Club"]
[Date "2015.09.23"]
[Round "?"]
[White "Krasik, Ilya"]
[Black "Jacobson, Brandon"]
[Result "1-0"]
[WhiteElo "2276"]
[BlackElo "2192"]
[PlyCount "59"]
[EventDate "2015.??.??"]

1. d4 Nf6 2. c4 g6 3. Nc3 d5 4. Nf3 Bg7 5. h4 dxc4 6. e4 c5 7. d5 b5 8. h5 O-O
9. hxg6 fxg6 10. e5 Ng4 11. d6 e6 12. Nxb5 Qa5+ 13. Nc3 Nd7 14. Rxh7 Ndxe5 15.
Rxg7+ Kxg7 16. Bd2 Qb6 17. Nxe5 Nxe5 18. Ne4 Qb7 19. f3 Rf5 20. Bc3 Kf8 21. Qd2
Nf7 22. Bxc4 Bd7 23. O-O-O Rd8 24. Rh1 Bc8 25. Rh7 Rh5 26. Rg7 Qd7 27. Qf4 Rf5
28. Qh4 Rh5 29. Qf6 Re8 30. Rg8+ 1-0

[Event "USCL Week 5"]
[Site "Internet Chess Club"]
[Date "2015.09.23"]
[Round "?"]
[White "Gurevich, Daniel"]
[Black "Bartell, Tom"]
[Result "1/2-1/2"]
[WhiteElo "2449"]
[BlackElo "2483"]
[PlyCount "58"]
[EventDate "2015.??.??"]

1. d4 d5 2. c4 c6 3. Nf3 Nf6 4. Nc3 dxc4 5. a4 Bf5 6. e3 e6 7. Bxc4 Bb4 8. O-O
O-O 9. Qe2 Ne4 10. Bd3 Nxc3 11. bxc3 Bxd3 12. Qxd3 Be7 13. e4 Qc7 14. Be3 Nd7
15. Rfb1 Rfd8 16. a5 b5 17. axb6 axb6 18. g3 Rxa1 19. Rxa1 b5 20. Qc2 Nb6 21.
Bf4 Qb7 22. h4 Ra8 23. Rxa8+ Qxa8 24. Ne5 f6 25. Nf3 Qa4 26. Qd3 Qa3 27. Bc7
Na8 28. Bf4 Nb6 29. Bc7 Na8 1/2-1/2

[Event "USCL Week 5"]
[Site "Internet Chess Club"]
[Date "2015.09.23"]
[Round "?"]
[White "Shmelov, Denys"]
[Black "Volkov, Dmitriy"]
[Result "1/2-1/2"]
[WhiteElo "2444"]
[BlackElo "2382"]
[PlyCount "66"]
[EventDate "2015.??.??"]

1. d4 Nf6 2. c4 g6 3. Nc3 Bg7 4. e4 d6 5. Be2 O-O 6. Nf3 Na6 7. O-O e5 8. Be3
Ng4 9. Bg5 Qe8 10. Re1 exd4 11. Nxd4 Qe5 12. Nf3 Qc5 13. Bh4 Be6 14. Nd2 Ne5
15. Nb3 Qb6 16. Nd5 Bxd5 17. cxd5 Nd7 18. Bxa6 Qxa6 19. Qe2 Qb6 20. Bg5 a5 21.
Be3 Qb4 22. Rac1 Qxe4 23. Rxc7 Nf6 24. Rxb7 a4 25. Nd2 Qxd5 26. Qb5 Qxb5 27.
Rxb5 Rfb8 28. Rxb8+ Rxb8 29. b3 Nd5 30. bxa4 Nxe3 31. fxe3 Rb2 32. Nc4 Rxa2 33.
Nxd6 Rxa4 1/2-1/2

[Event "USCL Week 5"]
[Site "Internet Chess Club"]
[Date "2015.09.23"]
[Round "?"]
[White "Balakrishnan, Praveen"]
[Black "Williams, Chris"]
[Result "1-0"]
[WhiteElo "2422"]
[BlackElo "2334"]
[PlyCount "63"]
[EventDate "2015.??.??"]

1. e4 c6 2. d4 d5 3. Nd2 dxe4 4. Nxe4 Nd7 5. Ng5 Ngf6 6. Bd3 e6 7. N1f3 Bd6 8.
Qe2 h6 9. Ne4 Nxe4 10. Qxe4 Qc7 11. Qg4 Kf8 12. Qe4 b6 13. Bd2 Bb7 14. Qe2 Re8
15. O-O-O Bf4 16. Bxf4 Qxf4+ 17. Kb1 g6 18. g3 Qc7 19. h4 Kg7 20. h5 e5 21.
hxg6 exd4 22. Qd2 c5 23. gxf7 Re6 24. Ng5 Rf6 25. Rh4 Ne5 26. Re1 c4 27. Bf5 c3
28. Qf4 d3 29. Ne6+ Rxe6 30. Bxe6 dxc2+ 31. Kxc2 cxb2+ 32. Kb1 1-0

[Event "USCL Week 5"]
[Site "Internet Chess Club"]
[Date "2015.09.23"]
[Round "?"]
[White "Zaremba, Andrei"]
[Black "Francisco, Richard"]
[Result "1/2-1/2"]
[WhiteElo "2418"]
[BlackElo "2391"]
[PlyCount "106"]
[EventDate "2015.??.??"]

1. e4 e5 2. Nf3 Nc6 3. Bb5 a6 4. Bxc6 dxc6 5. d4 exd4 6. Qxd4 Qxd4 7. Nxd4 Bd7
8. Nc3 O-O-O 9. Be3 Re8 10. O-O-O Bb4 11. Nde2 f5 12. exf5 Bxf5 13. a3 Bd6 14.
h3 Nf6 15. g4 Bd7 16. Bf4 Bc5 17. f3 Rhf8 18. Rhf1 Nd5 19. Bd2 Ne3 20. Bxe3
Rxe3 21. Ng1 Re7 22. Rd3 Be8 23. Ne4 Bb6 24. Ne2 Bg6 25. N2g3 Bxe4 26. fxe4
Rxf1+ 27. Nxf1 Rxe4 28. Ng3 Re6 29. Kd2 Bf2 30. Rf3 Bxg3 31. Rxg3 Kd7 32. Re3
c5 33. Rf3 Ke7 34. Kd3 Rf6 35. Rxf6 Kxf6 36. Ke4 Kg5 37. Kf3 Kh4 38. Kg2 b5 39.
c3 a5 40. Kh2 c4 41. Kg2 a4 42. Kh2 c6 43. Kg2 c5 44. Kh2 g6 45. Kg2 h6 46. Kh2
h5 47. gxh5 gxh5 48. Kg2 b4 49. Kh2 Kg5 50. Kg3 h4+ 51. Kf3 Kf5 52. Ke3 Ke5 53.
Kf3 Kf5 1/2-1/2

[Event "USCL Week 5"]
[Site "Internet Chess Club"]
[Date "2015.09.23"]
[Round "?"]
[White "O'Brien, Matthew"]
[Black "Studen, Damir"]
[Result "1/2-1/2"]
[WhiteElo "2219"]
[BlackElo "2344"]
[PlyCount "104"]
[EventDate "2015.??.??"]

1. e4 d5 2. exd5 Qxd5 3. Nc3 Qd6 4. d4 c6 5. Bd3 Qxd4 6. Nf3 Qb6 7. O-O Bg4 8.
Bf4 Nd7 9. a4 a5 10. h3 Bh5 11. Re1 Ngf6 12. g4 Bg6 13. Ng5 Nc5 14. Qe2 Nxd3
15. cxd3 Rd8 16. d4 Qxd4 17. Bc7 Rd7 18. Bxa5 Qc5 19. Nb5 Bd3 20. Qd2 Bxb5 21.
Qf4 Qd6 22. Qxd6 Rxd6 23. axb5 cxb5 24. Bc7 Ra6 25. Rxa6 bxa6 26. Ra1 Nd5 27.
Bg3 Nb4 28. Rc1 e5 29. Bxe5 Nd5 30. Rc8+ Kd7 31. Ra8 f6 32. Nf7 Rg8 33. Bg3 Ke6
34. Nd6 Nc7 35. Rb8 Kd7 36. Nf5 Ne6 37. Ra8 g6 38. Ne3 f5 39. gxf5 gxf5 40.
Nxf5 Rg5 41. Nd4 Bc5 42. Nxe6 Kxe6 43. Rxa6+ Kd5 44. Kg2 Kc4 45. Rh6 Rg7 46.
Kf3 Bd4 47. Rh4 Kd3 48. b4 Rf7+ 49. Rf4 Rxf4+ 50. Bxf4 Bc3 51. Bd6 Kc4 52. Kg4
Bxb4 1/2-1/2